00783njm a2200241Ia 450000100060000000300090000600500170001500800410003204000130007304000130008610000280009910000180012710000370014524500310018225000110021326000090022426000630023330000170029630000300031350000750034365000500041870000730046820934IT-RoPAU20220918181152.0131025s9999 xx 000 0 und d aIT-RoPAU cIT-RoPAU aMozart Wolfgang Amadeus eAutore musica gCodice autore musica SPICS: 3486 aIdomeneo re di Creta K 366 a1a ed. aROMA bSPICS RECORDSc1982 [1a Ed.:1982 - Ed. Lingua Orig.: 1781] aMUSICASSETTA c167 minuti (Testo: pag.) aDramma in musica in tre atti di Giambattista Varesco. Musica classica. aDRAMMA [CASSETTE]eCodice MATERIA SPICS: 9951 aVaresco GiambattistaeAutore testogCodice autore testo SPICS: 33198